Learning Resource and Development

Nursing know-how (Record no. 4463)

MARC details
000 -LEADER
fixed length control field 00780nam a22002297a 4500
005 - DATE AND TIME OF LATEST TRANSACTION
control field 20230512222053.0
008 - FIXED-LENGTH DATA ELEMENTS--GENERAL INFORMATION
fixed length control field 180516t xxu||||| |||| 00| 0 eng d
020 ## - INTERNATIONAL STANDARD BOOK NUMBER
International Standard Book Number 9780781792066
040 ## - CATALOGING SOURCE
Transcribing agency CSPC
082 0# - DEWEY DECIMAL CLASSIFICATION NUMBER
Classification number 616.120754
Item number N938
110 0# - MAIN ENTRY--CORPORATE NAME
Corporate name or jurisdiction name as entry element Lippincott Williams & Wilkins.
245 00 - TITLE STATEMENT
Title Nursing know-how
Remainder of title interpreting ECGs
260 ## - PUBLICATION, DISTRIBUTION, ETC.
Place of publication, distribution, etc. Philadelphia :
Name of publisher, distributor, etc. Lippincott Williams & Wilkins ;
Date of publication, distribution, etc. 2009.
300 ## - PHYSICAL DESCRIPTION
Extent vi, 314 pages :
Other physical details figures, tables ;
Dimensions 23 cm.
500 ## - GENERAL NOTE
General note Includes Index.
650 10 - SUBJECT ADDED ENTRY--TOPICAL TERM
Topical term or geographic name entry element Electrocardiography
Form subdivision Handbooks, manuals, etc.
650 10 - SUBJECT ADDED ENTRY--TOPICAL TERM
Topical term or geographic name entry element Nursing
Form subdivision Handbooks, manuals, etc.
940 ## - EQUIVALENCE OR CROSS-REFERENCE--UNIFORM TITLE [OBSOLETE] [CAN/MARC only]
Uniform title <a href="yves">yves</a>
942 ## - ADDED ENTRY ELEMENTS (KOHA)
Koha item type
-- NUR 616.120754 N938 2009
Holdings
Withdrawn status Lost status Damaged status Not for loan Home library Current library Shelving location Date acquired Total Checkouts Full call number Barcode Date last seen Copy number Price effective from Koha item type Date last checked out
        Main Library Main Library Nursing Section 05/12/2023   NUR 616.120754 N938 2009 010713 05/12/2023 1-5 05/12/2023 Books  
        Main Library Main Library Nursing Section 05/12/2023   NUR 616.120754 N938 2009 010714 05/12/2023 2-5 05/12/2023 Books  
        Main Library Main Library Nursing Section 05/12/2023 1 NUR 616.120754 N938 2009 010716 10/08/2025 3-5 05/12/2023 Books 09/04/2025
        Main Library Main Library Nursing Section 05/12/2023   NUR 616.120754 N938 2009 010715 05/12/2023 4-5 05/12/2023 Books  
        Main Library Main Library Nursing Section 05/12/2023   NUR 616.120754 N938 2009 010712 05/12/2023 5-5 05/12/2023 Books